| 000 | 00000cam 2200000zi 4500 |
| 001 | 9.931362 |
| 003 | CaOODSP |
| 005 | 20251205114212 |
| 006 | m o d f |
| 007 | cr mn||||||||| |
| 008 | 231212e202312 quc o f000 0 eng d |
| 020 | |a9780660692760 |
| 040 | |aCaOODSP|beng|erda|cCaOODSP |
| 043 | |an-cn--- |
| 086 | 1 |aEn4-516/2023E-PDF |
| 245 | 00|aQuantification methods for the Output-Based Pricing System Regulations. |
| 250 | |a[2023 edition]. |
| 264 | 1|aGatineau Quebec : |bEnvironment and Climate Change Canada = Environnement et changement climatique Canada, |cDecember 2023. |
| 264 | 4|c©2023 |
| 300 | |a1 online resource (60 pages) |
| 336 | |atext|btxt|2rdacontent |
| 337 | |acomputer|bc|2rdamedia |
| 338 | |aonline resource|bcr|2rdacarrier |
| 500 | |aIssued also in French under title: Méthodes de quantification pour le Règlement sur le système de tarification fondé sur le rendement. |
| 500 | |a"EC23040"--Verso of cover. |
| 650 | 0|aCarbon taxes|xLaw and legislation|zCanada. |
| 650 | 0|aCarbon offsetting|xLaw and legislation|zCanada. |
| 650 | 0|aGreenhouse gas mitigation|xLaw and legislation|zCanada. |
| 710 | 1 |aCanada. |bEnvironment and Climate Change Canada, |eissuing body. |
| 775 | 08|tMéthodes de quantification pour le Règlement sur le système de tarification fondé sur le rendement.|w(CaOODSP)9.931363 |
| 794 | |tQuantification methods for the Output-Based Pricing System Regulations.|bVersion 2.0|w(CaOODSP)9.957799 |
| 795 | |tQuantification methods for the Output-Based Pricing System Regulations.|b(2022 edition)|w(CaOODSP)9.916554 |
| 856 | 40|qPDF|s2.14 MB|uhttps://publications.gc.ca/collections/collection_2023/eccc/en4/En4-516-2023-eng.pdf |
| 856 | 4 |qHTML|sN/A|uhttps://www.canada.ca/en/environment-climate-change/services/climate-change/pricing-pollution-how-it-will-work/output-based-pricing-system/quantification-methods-2023.html |
| 986 | |aEC23040 |